Pokémon de type Psy uniquement - Statistiques

Statistiques générales
  • Ce quiz a été pris 57 fois
    55 depuis la dernière actualisation
  • Le résultat moyen est 30 sur 39
Statistiques - réponses
Hint Réponse % Correct
n.063 Abra
100%
n.065 Alakazam
100%
n.064 Kadabra
98%
n.151 Mew
95%
n.150 Mewtwo
95%
n.097 Hypnomade
93%
n.096 Soporifik
93%
n.488 Cresselia
86%
n.482 Crefadet
84%
n.481 Crefollet
84%
n.480 Crehelf
84%
n.326 Groret
84%
n.325 Spoink
84%
n.579 Symbios
84%
n.575 Mesmérella
82%
n.577 Nucléos
82%
n.576 Sidérella
82%
n.578 Méios
80%
n.196 Mentali
80%
n.574 Scrutella
77%
n.201 Zarbi
77%
n.678 Mistigrix
75%
n.517 Munna
75%
n.518 Mushana
75%
n.677 Psystigri
75%
n.386 Deoxys
73%
n.605 Lewsor
70%
n.606 Neitram
70%
n.358 Éoko
68%
n.433 Korillon
66%
n.800 Necrozma
66%
n.789 Cosmog
64%
n.790 Cosmovum
64%
n.202 Qulbutoké
64%
n.360 Okéoké
61%
Forme de Galar Ponyta de Galar
59%
Forme de Galar Ramoloss de Galar
52%
n.856 Bibichut
48%
n.857 Chapotus
48%
Aucun quiz correspondant
Distribution des résultats
% des personnes avec chaque résultat
Percentile par nombre de réponses
Votre historique - résultats
Vous n’avez pas pris ce quiz depuis la dernière actualisation